| 000 | 01661cam a22003734a 4500 | ||
|---|---|---|---|
| 090 | _c10096 | ||
| 001 | 14194422 | ||
| 005 | 20061117104043.0 | ||
| 008 | 051209r20041987enkab bs 001 0 eng | ||
| 010 | _a 2005284542 | ||
| 020 | _a0521526078 (pbk.) | ||
| 040 |
_aDLC _cDLC _dDLC |
||
| 043 | _aa-tu--- | ||
| 050 | 0 | 0 |
_aHC492 _b.O88 2004 |
| 082 |
_a330.956 _221 _bOTT |
||
| 245 | 0 | 4 |
_aThe Ottoman Empire and the world-economy / _cedited by Huri İslamoğlu-İnan. |
| 250 | _a1st pbk. ed. | ||
| 260 |
_aCambridge ; _aNew York :; _bCambridge University Press ; _c2004 |
||
| 300 |
_axi, 481 p. : _bill., maps ; _c23 cm. |
||
| 490 | 0 |
_aStudies in modern capitalism = _aÉtudes sur le capitalisme moderne |
|
| 504 | _aIncludes bibliographical references (p. 384-456) and index. | ||
| 650 | 0 |
_aAgriculture _xEconomic aspects _zTurkey _xHistory. |
|
| 650 | 0 |
_aIndustries _zTurkey _xHistory. |
|
| 650 | 0 |
_aLabor supply _zTurkey _xHistory. |
|
| 651 | 0 |
_aTurkey _xEconomic conditions _y1288-1918. |
|
| 651 | 0 |
_aTurkey _xForeign economic relations. |
|
| 700 | 1 |
_aİslamoğlu-İnan, Huri, _d1947- |
|
| 856 | 4 | 2 |
_3Publisher description _uhttp://www.loc.gov/catdir/enhancements/fy0632/2005284542-d.html |
| 856 | 4 | 1 |
_3Table of contents only _uhttp://www.loc.gov/catdir/enhancements/fy0632/2005284542-t.html |
| 906 |
_a7 _bcbc _corigcop _d3 _encip _f20 _gy-gencatlg |
||
| 942 |
_2ddc _cBB |
||
| 999 |
_c10096 _d10096 |
||